000 00377pab a2200157 454500
008 180718b2016 xxu||||| |||| 00| 0 eng d
100 _aRao, Nageshwar
245 _aSkilling in higher education
260 _c2016
300 _ap.36-42.
362 _a28 Nov
650 _aSkills development
650 _aHigher education
773 _aUniversity News
909 _a112826
999 _c112821
_d112821